| 000 | 00620nam a2200157Ia 4500 | ||
|---|---|---|---|
| 008 | 151213s9999 xx 000 0 und d | ||
| 020 | _a984-32-2356-X | ||
| 100 | _aআলিমুজ্জামান চেীধুরী | ||
| 245 |
_aইসলামিক জুরিসপডেন্স ও মুসলিম আইন _cআলিমুজ্জামান চেীধুরী |
||
| 260 |
_aঢাকা _bকুমিল্লা বুক হাউজ _c2008 |
||
| 300 | _a5931 p. | ||
| 650 | _aLaw | ||
| 650 | _aLaw | ||
| 700 | _aআলিমুজ্জামান চেীধুরী | ||
| 999 |
_c3424 _d3424 |
||